Catalog

Record Details

Catalog Search



Unbewältigte Vergangenheit : Kritik der bürgerlichen Geschichtsschreibung in der BRD / Hrsgkoll.: Gerhard Lozek ... [et al.]

Record details

  • Physical Description: 11, 751 s.
  • Edition: 3., neu bearb. und erw. Aufl.
  • Publisher: Berlin : Akademie, 1977

Available copies

  • 1 of 1 copy available at Common Catalog SPOK.

Holds

  • 0 current holds with 1 total copy.
Show Only Available Copies
Location Call Number / Copy Notes Barcode Shelving Location Status Due Date
Terezin Initiative Institute 1702 4594301702 Knihovna ITI Available -

LDR 00576nam a22001691a 4500
00125944
003CZ-PrJAB
00520221026130721.0
008040709s1977 gw gr 0 ger
035 . ‡a(CONS)750
035 . ‡a(CZ PrSKC)gk75350855
040 . ‡aABA001 ‡bcze ‡cABA001 ‡dABA001
080 . ‡a930(430.1)(049.3)=3
24500. ‡aUnbewältigte Vergangenheit : ‡bKritik der bürgerlichen Geschichtsschreibung in der BRD / ‡cHrsgkoll.: Gerhard Lozek ... [et al.]
250 . ‡a3., neu bearb. und erw. Aufl.
260 . ‡aBerlin : ‡bAkademie, ‡c1977
300 . ‡a11, 751 s.
8524 . ‡bJACH-ITI ‡bJACH-ITI ‡cKnihovna ITI ‡j1702 ‡p1702 ‡y$0.00
910 . ‡aABE340 ‡b1702
995 . ‡askok
901 . ‡a25944 ‡bSystem ‡c25944 ‡tbiblio

Additional Resources